01225njm a2200265Ia 450000100060000000300090000600500170001500800410003204000130007304000130008604100120009910000180011110000180012910000370014724500210018425000110020526000120021626000610022830000170028930000290030650000380033550504740037365000510084770000610089848992IT-RoPAU20220918181127.0131025s9999 xx 000 0 und d aIT-RoPAU cIT-RoPAU aINGLESE aBeatles (The) eAutore musica gCodice autore musica SPICS: 9428 aPlease Please Me a2a ed. aENGLAND bEMI RECORDSc1986 [1a Ed.:1963 - Ed. Lingua Orig.: 1963] aCOMPACT DISC c33 minuti (Testo: pag.) aMusica pop. Canzone inglese. Rock aI Saw Her Standing There (McCartney-Lennon) - Misery (McCartney-Lennon) - Anna [(Go To Him) (Alexander)] - Chains (Goffin King) - Boys (Dixon Farrell) - Ask Me Why (McCartney-Lennon) - Love Me Do (McCartney-Lennon) - P.S. I Love You (McCartneylLennon) - Baby It's You (David Williams Bacharach) - Do You Want To Know A Secret (McCartney-Lennon) - A Taste of Honey (Scott Marlow) - There's a Place (McCartney-Lennon) - Twist and Shout (Medley Russell) - Please Please Me aPOP [COMPACT DISC]eCodice MATERIA SPICS: 9949 aBeatles (The)gCodice interprete SPICS: 9428eInterprete